MAASAI MARA UNIVERSITY

LIBRARY CATALOGUE

Contact Us: +254 020 2685356/7 or 0774 057787

Box: 861-20500, NAROK, KENYA

Email: info@mmarau.ac.ke

Sizemore Susan (Record no. 3924)

MARC details
000 -LEADER
fixed length control field 00377nam a2200133Ia 4500
008 - FIXED-LENGTH DATA ELEMENTS--GENERAL INFORMATION
fixed length control field 151015s9999 xx 000 0 und d
020 ## - INTERNATIONAL STANDARD BOOK NUMBER
International Standard Book Number 1416513345
050 ## - LIBRARY OF CONGRESS CALL NUMBER
Classification number PS3569 .I95M37 2006
245 ## - TITLE STATEMENT
Title Sizemore Susan
250 ## - EDITION STATEMENT
Edition statement _Master of Darkness / Susan Sizemore
300 ## - PHYSICAL DESCRIPTION
Extent New York : Pocket Star, 2006
650 ## - SUBJECT ADDED ENTRY--TOPICAL TERM
Topical term or geographic name as entry element _Romantic Story
700 ## - ADDED ENTRY--PERSONAL NAME
Personal name ^d20130211 12:16:54^oanne

No items available.

© 2016 Maasai Mara University.